000 00212nam a22000857a 4500
008 160818b xxu||||| |||| 00| 0 eng d
100 _9172
_aGoscinny R
245 _aMagic Carpet
260 _aUSA
_bOrion publication
_c2004
999 _c2830
_d2830